Los relatos / (Record no. 82705)
[ view plain ]
| 000 -LEADER | |
|---|---|
| campo de control de longitud fija | 01266cam a2200373Ka 4500 |
| 001 - NÚMERO DE CONTROL | |
| campo de control | 73166 |
| 005 - FECHA Y HORA DE LA ÚLTIMA TRANSACCIÓN | |
| campo de control | 20230410130921.0 |
| 008 - DATOS DE LONGITUD FIJA--INFORMACIÓN GENERAL | |
| campo de control de longitud fija | 010518m2004 sp 000 1 spa d |
| 035 ## - NÚMERO DE CONTROL DEL SISTEMA | |
| Número de control de sistema | (OCoLC)ocm47683852 |
| 040 ## - FUENTE DE CATALOGACIÓN | |
| Centro catalogador/agencia de origen | PL# |
| Centro/agencia transcriptor | PL# |
| Centro/agencia modificador | OCL |
| -- | CGP |
| -- | PRC |
| -- | OCLCQ |
| -- | OCL |
| -- | BAKER |
| -- | BTCTA |
| -- | YDXCP |
| 020 ## - NÚMERO INTERNACIONAL ESTÁNDAR DEL LIBRO | |
| Número Internacional Estándar del Libro | 8420691054 (obra completa) |
| 020 ## - NÚMERO INTERNACIONAL ESTÁNDAR DEL LIBRO | |
| Número Internacional Estándar del Libro | 9788420691053 (obra completa) |
| 020 ## - NÚMERO INTERNACIONAL ESTÁNDAR DEL LIBRO | |
| Número Internacional Estándar del Libro | 8420634735 (t.1) |
| 020 ## - NÚMERO INTERNACIONAL ESTÁNDAR DEL LIBRO | |
| Número Internacional Estándar del Libro | 9788420634739 (t.1) |
| 035 ## - NÚMERO DE CONTROL DEL SISTEMA | |
| Número de control de sistema | (OCoLC)47683852 |
| 050 14 - SIGNATURA TOPOGRÁFICA DE LA BIBLIOTECA DEL CONGRESO | |
| Número de clasificación | PQ 7797 |
| Número de ítem | C827r 2004 |
| 049 ## - FONDOS LOCALES (OCLC) | |
| Biblioteca depositaria | GRAL |
| 100 1# - ENTRADA PRINCIPAL--NOMBRE DE PERSONA | |
| Nombre de persona | Cortázar, Julio, |
| Fechas asociadas al nombre | 1914-1984. |
| 245 14 - MENCIÓN DEL TÍTULO | |
| Título | Los relatos / |
| Mención de responsabilidad, etc. | Julio Cortázar. |
| 250 ## - MENCION DE EDICION | |
| Mención de edición | 1. ed. en "Area de conocimiento, Literatura." |
| 260 ## - PUBLICACIÓN, DISTRIBUCIÓN, ETC. | |
| Lugar de publicación, distribución, etc. | Madrid : |
| Nombre del editor, distribuidor, etc. | Alianza, |
| Fecha de publicación, distribución, etc. | 2004 |
| 300 ## - DESCRIPCIÓN FÍSICA | |
| Extensión | v. <1>; |
| Dimensiones | 18 cm. |
| 490 1# - MENCIÓN DE SERIE | |
| Mención de serie | El Libro de bolsillo ; |
| Designación de volumen o secuencia | 5305-. |
| Mención de serie | Literatura hispanoamericana |
| 490 0# - MENCIÓN DE SERIE | |
| Mención de serie | Literatura |
| 505 1# - NOTA DE CONTENIDO CON FORMATO | |
| Nota de contenido con formato | t.1: Ritos. |
| 830 #0 - PUNTO DE ACCESO ADICIONAL DE SERIE-TÍTULO UNIFORME | |
| Título uniforme | Libro de bolsillo. |
| Nombre de parte o sección de la obra | Literatura hispanoamericana. |
| -- | Contemporáneos. |
| 938 ## - | |
| -- | Puvill Libros |
| -- | PUVL |
| -- | 8420634735 |
| -- | $7.78 |
| 938 ## - | |
| -- | Baker and Taylor |
| -- | BTCP |
| -- | bl2006000721 |
| 938 ## - | |
| -- | Baker & Taylor |
| -- | BKTY |
| -- | 21.95 |
| -- | 21.95 |
| -- | 8420634735 |
| -- | 0003677004 |
| -- | active |
| 938 ## - | |
| -- | YBP Library Services |
| -- | YANK |
| -- | 2647521 |
| 942 ## - ELEMENTOS DE ENTRADA SECUNDARIOS (KOHA) | |
| Fuente del sistema de clasificación o colocación | Clasificación de Library of Congress |
| Tipo de ítem Koha | |
| 994 ## - | |
| -- | C0 |
| -- | DRFGD |
| 946 ## - PROCESAMIENTO DE INFORMACIÓN LOCAL (OCLC) | |
| a | RCH |
| Estatus retirado | Estado de pérdida | Fuente del sistema de clasificación o colocación | Estado de daño | No para préstamo | Colección | Biblioteca de origen | Biblioteca actual | Ubicación en estantería | Fecha de adquisición | Serial enumeration / chronology | Signatura topográfica completa | Código de barras | Visto por última vez | Copia número | Tipo de ítem Koha |
|---|---|---|---|---|---|---|---|---|---|---|---|---|---|---|---|
| Clasificación de Library of Congress | Humanidades | Biblioteca Juan Bosch | Biblioteca Juan Bosch | Humanidades (4to. Piso) | 10/04/2023 | 1 | PQ 7797 C827r 2004 | 00000063033 | 25/10/2018 | 1 |
